Normal view
MARC view
- Historic monuments
Entry Topical Term
001 - CONTROL NUMBER
- control field: 5511
003 - CONTROL NUMBER IDENTIFIER
- control field: NUST
005 - DATE AND TIME OF LATEST TRANSACTION
- control field: 20171018123217.0
008 - FIXED-LENGTH DATA ELEMENTS
- fixed length control field: 171018|| aca||aabn | a|a d
040 ## - CATALOGING SOURCE
- Original cataloging agency: NUST
- Transcribing agency: NUST
150 ## - HEADING--TOPICAL TERM
- Topical term or geographic name entry element: Historic monuments
- Geographic subdivision: Pakistan.
670 ## - SOURCE DATA FOUND
- Source citation: Work cat.: (NUST)0: Nadiem, Ihsan H. 3762, Built heritage of Pakistan :, 2002.
